<?xml version="1.0" encoding="UTF-8"?>
<record
    xmlns:xsi="http://www.w3.org/2001/XMLSchema-instance"
    xsi:schemaLocation="http://www.loc.gov/MARC21/slim http://www.loc.gov/standards/marcxml/schema/MARC21slim.xsd"
    xmlns="http://www.loc.gov/MARC21/slim">

  <leader>04821nab a22006617  4500</leader>
  <controlfield tag="003">AR-RoUNA</controlfield>
  <datafield tag="022" ind1=" " ind2=" ">
    <subfield code="a">0327-9022</subfield>
  </datafield>
  <datafield tag="040" ind1=" " ind2=" ">
    <subfield code="a">AR-RoUNA</subfield>
    <subfield code="b">spa</subfield>
  </datafield>
  <datafield tag="041" ind1=" " ind2=" ">
    <subfield code="a">spa</subfield>
  </datafield>
  <datafield tag="044" ind1=" " ind2=" ">
    <subfield code="a">ag</subfield>
  </datafield>
  <datafield tag="245" ind1=" " ind2=" ">
    <subfield code="a">Summa+ /</subfield>
    <subfield code="b">Educaci&#xF3;n y Cultura</subfield>
  </datafield>
  <datafield tag="260" ind1=" " ind2=" ">
    <subfield code="a">Buenos Aires (Argentina):</subfield>
    <subfield code="c">Donn SA,</subfield>
    <subfield code="b">1993.</subfield>
  </datafield>
  <datafield tag="300" ind1=" " ind2=" ">
    <subfield code="a">144 p. :</subfield>
    <subfield code="b">il. byn.</subfield>
    <subfield code="b">planos</subfield>
    <subfield code="c">34X25 cm.</subfield>
  </datafield>
  <datafield tag="505" ind1="0" ind2=" ">
    <subfield code="t">INDICE</subfield>
  </datafield>
  <datafield tag="505" ind1="0" ind2=" ">
    <subfield code="a">Mart&#xED;n Di Peco / Cultura: escala y dimensi&#xF3;n. p. 4</subfield>
  </datafield>
  <datafield tag="505" ind1="0" ind2=" ">
    <subfield code="a">Fernando Diez / Una ciudad en la ciudad. p. 6</subfield>
  </datafield>
  <datafield tag="505" ind1="0" ind2=" ">
    <subfield code="a">Busarchttektur / Campus WU Universidad de Ciencias Econ&#xF3;micas de Viena, Masterplan y Paisajismo, Viena, Australia, 2013. p. 7</subfield>
  </datafield>
  <datafield tag="505" ind1="0" ind2=" ">
    <subfield code="a">Busarchtektur / Universidad de Ciencias Econ&#xF3;micas de Viena. Centro de Auditorios - Institutos - Comedor - D1 TC , Viena, 2013. p. 20</subfield>
  </datafield>
  <datafield tag="505" ind1="0" ind2=" ">
    <subfield code="a">Zaha Hadid y Patrick Schumacher / Universidad de Ciencias Econ&#xF3;micas de Viena. Biblioteca y Centro de Estudios, Viena, 2013. p. 26</subfield>
  </datafield>
  <datafield tag="505" ind1="0" ind2=" ">
    <subfield code="a">Atelier Hitoshi Abe / Universidad de Ciencias Econ&#xF3;micas de Viena. Departamentos D2 Centro de Estudiantes, Viena, 2013. p. 32</subfield>
  </datafield>
  <datafield tag="505" ind1="0" ind2=" ">
    <subfield code="a">CRAB Studio / Universidad de Ciencias Econ&#xF3;micas de Viena. Departamentos de Derecho D3 y Administraci&#xF3;n Central, Viena, 2013. p. 34</subfield>
  </datafield>
  <datafield tag="505" ind1="0" ind2=" ">
    <subfield code="a">Estudio Carme Pin&#xF3;s / Universidad de Ciencias Econ&#xF3;micas de Viena. Edificio de Departamentos D4, Viena, 2013. p. 38</subfield>
  </datafield>
  <datafield tag="505" ind1="0" ind2=" ">
    <subfield code="a">NO. MAD Arq. / Universidad de Ciencias Econ&#xF3;micas de Viena. Academia de Ejecutivos, Viena, 2013. p. 40</subfield>
  </datafield>
  <datafield tag="505" ind1="0" ind2=" ">
    <subfield code="a">Josep Mar&#xED;a Montaner / El diagrama como estructura: L&#xED;neas de fuerza y carga. p. 44</subfield>
  </datafield>
  <datafield tag="505" ind1="0" ind2=" ">
    <subfield code="a">Juan Gonz&#xE1;lez Calder&#xF3;n / Una casas para la historia de Brasil: Eduardo de Almeida y Rodrigo Windlin Loeb. p. 48</subfield>
  </datafield>
  <datafield tag="505" ind1="0" ind2=" ">
    <subfield code="a">Eduardo de Almeida y Rodrigo Windlin Loeb / Brasiliana ISP, San Pablo, Brasil, 2013. p. 50</subfield>
  </datafield>
  <datafield tag="505" ind1="0" ind2=" ">
    <subfield code="a">Francisco Spadoni y Pedro Taddei Neto / Aire para respirar en el centro: Centro Paula Souza. p. 58</subfield>
  </datafield>
  <datafield tag="505" ind1="0" ind2=" ">
    <subfield code="a">Francisco Spadoni y Pedro Taddei Neto / Sede del Centro Paula Souza y ETEC Nova Luz, San Pablo, Brasil, 2013. p. 61</subfield>
  </datafield>
  <datafield tag="505" ind1="0" ind2=" ">
    <subfield code="a">Carlos Eduardo Coimas / Ciudad, Plaza y Artes: sobre la ciudad de las artes de Christian de Portlamparc y la plaza de las artes de Brasil arquitectura. p. 68</subfield>
  </datafield>
  <datafield tag="505" ind1="0" ind2=" ">
    <subfield code="a">Christian de Portzamparc / Flotando entre mar y monta&#xF1;a: ciudad de las artes. p. 70</subfield>
  </datafield>
  <datafield tag="505" ind1="0" ind2=" ">
    <subfield code="a">Brasil Arquitectura / Ocupar espacios para dejarlos libres: Plaza de las Artes, San Pablo, 2012. p. 80</subfield>
  </datafield>
  <datafield tag="505" ind1="0" ind2=" ">
    <subfield code="a">Ana Carolina Pellegrini / Docomomo Brasil: conexiones brutalistas. p. 90</subfield>
  </datafield>
  <datafield tag="505" ind1="0" ind2=" ">
    <subfield code="a">RDR Arq. / Variaci&#xF3;n crom&#xE1;tica en la vieja nave industrial: Universidad Torcuato Di Tella y ampliaci&#xF3;n Sede Alcorta, CABA, 2013. p. 94</subfield>
  </datafield>
  <datafield tag="505" ind1="0" ind2=" ">
    <subfield code="a">Barclay &amp; Crousse arch. / Tripartitas ilusiones verticales: Escuela de Artes Visuales, Lima, Per&#xFA;, 2012. p. 100</subfield>
  </datafield>
  <datafield tag="505" ind1="0" ind2=" ">
    <subfield code="a">Fernanda Canales + Arquitectura 911SC / Dentro de un marco: Centro Cultural Elena Garro, M&#xE9;xico. p. 104</subfield>
  </datafield>
  <datafield tag="505" ind1="0" ind2=" ">
    <subfield code="a">Jazm&#xED;n Moreno Alvariza / La ciudad con ojos de visitante. p. 110</subfield>
  </datafield>
  <datafield tag="505" ind1="0" ind2=" ">
    <subfield code="a">Paula De Falco / Puertas abiertas a otros cielos / Visita al Edificio Bencich y la Galer&#xED;a G&#xFC;emes. p. 112</subfield>
  </datafield>
  <datafield tag="505" ind1="0" ind2=" ">
    <subfield code="a">Guillermo Hevia Garc&#xED;a y Nicol&#xE1;s Soler / Colegio Alianza Francesa Jean Mermoz, Curic&#xF3;, Chile, 2012. p. 114</subfield>
  </datafield>
  <datafield tag="505" ind1="0" ind2=" ">
    <subfield code="a">Moscato Schere + Moscato Shere todo terreno / Enchufar y Conectar; enchufado - ampliaci&#xF3;n Nave Scalabrini Ortiz, Universidad Nacional de Lan&#xFA;s, provincia de Buenos Aires, 2013. p. 118</subfield>
  </datafield>
  <datafield tag="505" ind1="0" ind2=" ">
    <subfield code="a">Jard&#xED;n Municipal Barranquitas Sur / Contener y Expandir, Ciudad de Santa Fe, Argentina, 2012. p. 122</subfield>
  </datafield>
  <datafield tag="505" ind1="0" ind2=" ">
    <subfield code="a">Marcelo Faiden / Ciudad Universitaria de Buenos Aires, el proyecto inmaterial Catano y Caminos. p. 126</subfield>
  </datafield>
  <datafield tag="505" ind1="0" ind2=" ">
    <subfield code="a">Nelson Inda / La ciudad seg&#xFA;n el Tango, Del barrio al Centro: imaginarios del habitar en las letras del tango rioplatense. p. 128</subfield>
  </datafield>
  <datafield tag="505" ind1="0" ind2=" ">
    <subfield code="a">Mario S. Sabugo / Editorial Caf&#xE9; de las Ciudades, Colecci&#xF3;n Cultura Buenos Aires, 2013. p. 129</subfield>
  </datafield>
  <datafield tag="505" ind1="0" ind2=" ">
    <subfield code="a">Mart&#xED;n Di Peco / Repeticiones, representaciones, realidades. p. 132</subfield>
  </datafield>
  <datafield tag="505" ind1="0" ind2=" ">
    <subfield code="a">Mercedes Peralta / Compartir un c&#xF3;digo. p. 134</subfield>
  </datafield>
  <datafield tag="505" ind1="0" ind2=" ">
    <subfield code="a">Rafael E.J. Iglesia / La disputa entre antiguos y modernos. p. 136</subfield>
  </datafield>
  <datafield tag="505" ind1="0" ind2=" ">
    <subfield code="a">Ruth Verde Zein / Somos lo que elegimos olvidar. p. 138</subfield>
  </datafield>
  <datafield tag="505" ind1="0" ind2=" ">
    <subfield code="a">Mario Sabugo / Bajo Belgrano. p. 140</subfield>
  </datafield>
  <datafield tag="505" ind1="0" ind2=" ">
    <subfield code="a">Ignacio Ros de Olano / Valpara&#xED;so en papel. p. 142</subfield>
  </datafield>
  <datafield tag="505" ind1="0" ind2=" ">
    <subfield code="a">Roberto Fern&#xE1;ndez / El hombre ilustrado: arquitectura de Bradbury. p. 143</subfield>
  </datafield>
  <datafield tag="505" ind1="0" ind2=" ">
    <subfield code="a">Renato Anelli / &#xBF; Libre y Encarcelado?. p. 144</subfield>
  </datafield>
  <datafield tag="650" ind1=" " ind2=" ">
    <subfield code="2">Arquitectura contepor&#xE1;nea</subfield>
  </datafield>
  <datafield tag="773" ind1="0" ind2=" ">
    <subfield code="a">Summa+</subfield>
    <subfield code="d">Buenos Aires, Argentina</subfield>
    <subfield code="g">N&#xBA;135 (abr, 2014), p. 144</subfield>
    <subfield code="x">0327-9022</subfield>
  </datafield>
  <datafield tag="908" ind1=" " ind2=" ">
    <subfield code="a">Imp</subfield>
  </datafield>
  <datafield tag="942" ind1=" " ind2=" ">
    <subfield code="2">udc</subfield>
    <subfield code="c">ART</subfield>
  </datafield>
  <datafield tag="945" ind1=" " ind2=" ">
    <subfield code="d">2022-07-08</subfield>
  </datafield>
  <datafield tag="980" ind1=" " ind2=" ">
    <subfield code="6">138</subfield>
    <subfield code="a">Carolina Rainero</subfield>
    <subfield code="8">138</subfield>
    <subfield code="g">Carolina Rainero</subfield>
  </datafield>
  <datafield tag="999" ind1=" " ind2=" ">
    <subfield code="c">12282</subfield>
    <subfield code="d">12282</subfield>
  </datafield>
  <datafield tag="952" ind1=" " ind2=" ">
    <subfield code="0">0</subfield>
    <subfield code="1">0</subfield>
    <subfield code="2">udc</subfield>
    <subfield code="4">0</subfield>
    <subfield code="7">0</subfield>
    <subfield code="a">AR-RoUNA</subfield>
    <subfield code="b">AR-RoUNA</subfield>
    <subfield code="c">Heme</subfield>
    <subfield code="d">2025-12-03</subfield>
    <subfield code="e">Don</subfield>
    <subfield code="l">0</subfield>
    <subfield code="p">1002869</subfield>
    <subfield code="r">2025-12-03</subfield>
    <subfield code="t">ej. 1</subfield>
    <subfield code="w">2025-12-03</subfield>
    <subfield code="y">ART</subfield>
    <subfield code="k">K6</subfield>
    <subfield code="x"></subfield>
  </datafield>
</record>
